Missing Word: Bad Horror Movies Quiz Stats

 Plays Quiz Updated Oct 31, 2017

Challenge
Share
Tweet
Embed
Score 0/18 Timer 05:00
2 Plays Today
Movie (Year) Missing Word % Correct
I Know What You Did _____ Summer (1997)Last
98%
_____ the 13th (1980)Friday
97.6%
The _____ Chainsaw Massacre (2003)Texas
96.7%
House at the _____ of the Street (2012)End
93.1%
Abraham _____: Vampire Hunter (2012)Lincoln
92.5%
_____ Activity: The Ghost Dimension (2015)Paranormal
89%
_____ vs. Jason (2003)Freddy
86.1%
Resident Evil: The _____ Chapter (2017)Final
85.4%
Village of the _____ (1995)Damned
79%
Movie (Year) Missing Word % Correct
The Return of the Swamp _____ (1989)Thing
78%
_____ Knock Twice (2017)Don't
71.9%
The _____ of Riddick (2004)Chronicles
64.9%
The Purge: _____ Year (2016)Election
57.1%
When the _____ Breaks (2016)Bough
51%
Open _____ 2: Adrift (2007)Water
48.3%
The Bye Bye _____ (2017)Man
38.3%
In the _____ of Madness (1995)Mouth
25%
Don't _____ Up (2017)Hang
10.5%

Today's Daily Dose

You're not logged in!

Compare scores with friends on all Sporcle quizzes.
OR
Log In

You Might Also Like...

Show Comments

Extras

Top Quizzes Today


Score Distribution

Your Account Isn't Verified!

In order to create a playlist on Sporcle, you need to verify the email address you used during registration. Go to your Sporcle Settings to finish the process.

Report this User

Report this user for behavior that violates our Community Guidelines.

Details: